00736nam a22001697a 4500003000900000008004100009040007100050082001800121100003800139245006100177260002000238300002800258505023800286650001200524650001900536650001100555AR-CdUCM190606b ||||| |||| 00| 0 spa d aMUNICIPALIDAD PROVINCIAL DEL CUSCOcBIBLIOTECA MUNICIPAL DEL CUSCO a340.4 / bE64 aEnríquez Tapia, Jesús Augusto aLos trabajadores del hogar en la legislación peruana / aCusco : c1978. a165 páginas; c29 cm. aContenido: La servidumbre indígena y domestica en nuestra Historia -- Critica y comentario de las disposiciones laborales de los trabajadores de hogar -- El contrato de trabajo y la locación de servicios del servidor domestico... aTrabajo aLegislación  aPerú